[Event "Labour Day op"]
[Site "Langley CAN"]
[Date "2007.09.03"]
[Round "5"]
[White "McLaren, Brian"]
[Black "Han, Yiming"]
[Result "0-1"]
[WhiteElo "2262"]
[BlackElo "1927"]
[PlyCount "76"]
[GameId "2160767910579717"]
[EventDate "2007.09.01"]
[EventType "swiss"]
[EventRounds "6"]
[EventCountry "CAN"]

1. e4 e5 2. Bc4 Nf6 3. Qe2 Bc5 4. c3 d6 5. Nf3 Nc6 6. d3 h6 7. Nbd2 Bb6 8. h3 O-O 9. Nf1 d5 10. Bb5 Re8 11. g4 dxe4 12. dxe4 Nh7 13. Ng3 Ng5 14. Bd2 a6 15. Ba4 Bc5 16. O-O-O Qf6 17. Nf5 Be6 18. Bb3 b5 19. Nxg5 hxg5 20. h4 Bxb3 21. axb3 Qe6 22. b4 Bb6 23. hxg5 a5 24. f3 axb4 25. Kc2 b3+ 26. Kb1 Qc8 27. Be3 Bxe3 28. Nxe3 Qa6 29. Kc1 Qa1+ 30. Kd2 Qxb2+ 31. Ke1 Qxc3+ 32. Qd2 Qxd2+ 33. Rxd2 Nd4 34. Kf2 Ra2 35. Rhd1 Rea8 36. Kg3 Rxd2 37. Rxd2 Ra2 38. Rd1 b2 0-1

[Event "Labour Day op"]
[Site "Langley CAN"]
[Date "2007.09.03"]
[Round "5"]
[White "Patterson, Roger"]
[Black "Cruz, Joshua"]
[Result "0-1"]
[WhiteElo "2254"]
[BlackElo "2004"]
[PlyCount "58"]
[GameId "2160767910579718"]
[EventDate "2007.09.01"]
[EventType "swiss"]
[EventRounds "6"]
[EventCountry "CAN"]

1. e4 e5 2. Nf3 Nc6 3. Bb5 Nf6 4. O-O d6 5. Re1 Be7 6. c3 Bd7 7. d4 O-O 8. Ba4 Qe8 9. d5 Nb8 10. Bxd7 Nfxd7 11. c4 f5 12. exf5 Rxf5 13. Nc3 Nb6 14. b3 N8d7 15. Be3 Nf6 16. Nd2 Qg6 17. Nde4 Ng4 18. a4 Raf8 19. a5 Bh4 20. Ra2 Nd7 21. Bxa7 b6 22. Rae2 Rf3 23. axb6 cxb6 24. b4 Rh3 25. Rb2 Rxh2 26. c5 Nxf2 27. Rxf2 Bxf2+ 28. Nxf2 Rxf2 29. Kxf2 Qxg2+ 0-1

[Event "Labour Day op"]
[Site "Langley CAN"]
[Date "2007.09.03"]
[Round "5"]
[White "Sohal, Tanraj"]
[Black "Datcu-Romano, Anca"]
[Result "1/2-1/2"]
[WhiteElo "1801"]
[BlackElo "1843"]
[PlyCount "25"]
[GameId "2160767910579719"]
[EventDate "2007.09.01"]
[EventType "swiss"]
[EventRounds "6"]
[EventCountry "CAN"]

1. d4 Nf6 2. c4 g6 3. Nc3 Bg7 4. e4 d6 5. f3 O-O 6. Be3 Nbd7 7. Qd2 c5 8. d5 Re8 9. Bd3 Ne5 10. Nge2 Bh6 11. O-O Ned7 12. h3 a6 13. f4 1/2-1/2

[Event "Labour Day op"]
[Site "Langley CAN"]
[Date "2007.09.03"]
[Round "5"]
[White "Trochtchanovitch, Pavel"]
[Black "Caluza, Juni"]
[Result "1-0"]
[WhiteElo "2021"]
[BlackElo "1674"]
[PlyCount "39"]
[GameId "2160767910579720"]
[EventDate "2007.09.01"]
[EventType "swiss"]
[EventRounds "6"]
[EventCountry "CAN"]

1. e4 e6 2. d4 d5 3. e5 c5 4. c3 Nc6 5. Nf3 Qb6 6. Be2 Nh6 7. O-O Bd7 8. a4 Nf5 9. dxc5 Bxc5 10. b4 Be7 11. b5 Na5 12. Ba3 Rc8 13. Nd4 Bxa3 14. Nxa3 Ne7 15. Rc1 Ng6 16. f4 Qc5 17. Nb1 O-O 18. Kh1 Nc4 19. Bxc4 Qxc4 20. Nc2 1-0

[Event "Labour Day op"]
[Site "Langley CAN"]
[Date "2007.09.03"]
[Round "6"]
[White "Caluza, Juni"]
[Black "Patterson, Roger"]
[Result "0-1"]
[WhiteElo "1674"]
[BlackElo "2254"]
[PlyCount "31"]
[GameId "2160767910579721"]
[EventDate "2007.09.01"]
[EventType "swiss"]
[EventRounds "6"]
[EventCountry "CAN"]

1. c4 c5 2. Nf3 Nf6 3. Nc3 d5 4. e3 Nc6 5. d4 cxd4 6. exd4 e6 7. Bd3 Be7 8. O-O O-O 9. c5 b6 10. Bb5 Bd7 11. Bxc6 Bxc6 12. Ne5 Be8 13. b4 a5 14. Ba3 axb4 15. Bxb4 Rc8 16. Nd3 0-1

[Event "Labour Day op"]
[Site "Langley CAN"]
[Date "2007.09.03"]
[Round "6"]
[White "Davidson, Brian"]
[Black "Lohner, Jason"]
[Result "1-0"]
[WhiteElo "1776"]
[BlackElo "1396"]
[PlyCount "49"]
[GameId "2160767910579722"]
[EventDate "2007.09.01"]
[EventType "swiss"]
[EventRounds "6"]
[EventCountry "CAN"]

1. d4 Nf6 2. c4 g6 3. Nc3 Bg7 4. e4 d6 5. h3 O-O 6. Nf3 c5 7. d5 e6 8. Bg5 Qc7 9. Be2 exd5 10. exd5 Nbd7 11. O-O a6 12. Re1 b6 13. Qd2 Bb7 14. Bd3 Rae8 15. Bf4 Qb8 16. Qc2 Rxe1+ 17. Rxe1 Re8 18. Rxe8+ Nxe8 19. Ne4 Ne5 20. Nxe5 dxe5 21. Bg3 f5 22. Ng5 Bc8 23. Qa4 Nd6 24. Qc6 Nf7 25. Qe8+ 1-0

[Event "Labour Day op"]
[Site "Langley CAN"]
[Date "2007.09.03"]
[Round "6"]
[White "Doknjas, John"]
[Black "Gairdner, Dennis"]
[Result "0-1"]
[WhiteElo "1354"]
[BlackElo "1514"]
[PlyCount "108"]
[GameId "2160767910579723"]
[EventDate "2007.09.01"]
[EventType "swiss"]
[EventRounds "6"]
[EventCountry "CAN"]

1. d4 f5 2. c4 Nf6 3. Nc3 d6 4. e3 g6 5. Nf3 Bg7 6. Bd3 O-O 7. Bd2 Qe8 8. Qc2 Nc6 9. a3 e5 10. d5 Nd8 11. e4 a6 12. O-O-O Bd7 13. Bg5 f4 14. g3 h6 15. Bxf6 Rxf6 16. gxf4 Rxf4 17. Ne1 Qf7 18. Rd2 Bg4 19. Rg1 Bh5 20. Ng2 Rf6 21. Nd1 Bf3 22. Nde3 b6 23. Nh4 Kh7 24. Nxf3 Rxf3 25. Rg3 h5 26. Rxf3 Qxf3 27. Qd1 Qf4 28. Qg1 Nb7 29. Qg3 Bh6 30. b4 a5 31. Kb2 axb4 32. axb4 Qf8 33. b5 Nc5 34. Bc2 Qb8 35. Kc1 Qa7 36. Kd1 Qa1+ 37. Ke2 Qc3 38. Qh4 Bxe3 39. Qe7+ Kh6 40. fxe3 Ra2 41. h4 Qxc4+ 42. Kf2 Ra8 43. Qg5+ Kg7 44. Kg1 Rf8 45. Rg2 Qf1+ 46. Kh2 Qf6 47. Qxh5 Rh8 48. Qe2 Rxh4+ 49. Kg1 g5 50. Rf2 Qh6 51. Rg2 Rh1+ 52. Kf2 Qh4+ 53. Rg3 Rh2+ 54. Kf3 Rxe2 0-1

[Event "Labour Day op"]
[Site "Langley CAN"]
[Date "2007.09.03"]
[Round "6"]
[White "Han, Yifei"]
[Black "Hamm, Robert"]
[Result "1-0"]
[WhiteElo "1873"]
[BlackElo "1681"]
[PlyCount "77"]
[GameId "2160767910579724"]
[EventDate "2007.09.01"]
[EventType "swiss"]
[EventRounds "6"]
[EventCountry "CAN"]

1. e4 c5 2. Nf3 d6 3. d4 cxd4 4. Nxd4 Nf6 5. Nc3 e6 6. Be2 a6 7. a4 Be7 8. Be3 Qc7 9. Nb3 b6 10. a5 Nbd7 11. axb6 Nxb6 12. Qd4 Nbd7 13. Qa4 Bb7 14. f3 O-O 15. Qa5 Qc8 16. O-O Bd8 17. Qb4 Bc7 18. Na5 Bxa5 19. Rxa5 d5 20. exd5 Nxd5 21. Nxd5 Bxd5 22. c4 Bb7 23. Rfa1 Nb8 24. Rc5 Qd7 25. Rd1 Qe7 26. Qc3 Rd8 27. Rxd8+ Qxd8 28. Rg5 f6 29. Rg3 e5 30. b4 Nc6 31. b5 axb5 32. cxb5 Nd4 33. Bxd4 exd4 34. Qc4+ Kf8 35. Rg4 Ra1+ 36. Kf2 Qa5 37. Qc5+ Kg8 38. Bc4+ Kh8 39. Qf8# 1-0

[Event "Labour Day op"]
[Site "Langley CAN"]
[Date "2007.09.03"]
[Round "6"]
[White "Han, Yiming"]
[Black "Milner, Arie"]
[Result "1-0"]
[WhiteElo "1927"]
[BlackElo "1935"]
[PlyCount "55"]
[GameId "2160767910579725"]
[EventDate "2007.09.01"]
[EventType "swiss"]
[EventRounds "6"]
[EventCountry "CAN"]

1. e4 e5 2. Nf3 Nc6 3. Nc3 Nf6 4. d4 exd4 5. Nxd4 Bc5 6. Nxc6 bxc6 7. e5 Qe7 8. Qe2 Nd5 9. Nxd5 cxd5 10. Be3 Bxe3 11. Qxe3 Qb4+ 12. Qc3 Qxc3+ 13. bxc3 O-O 14. O-O-O c6 15. c4 Bb7 16. g3 d4 17. c5 Rfe8 18. f4 f6 19. Bc4+ Kh8 20. exf6 gxf6 21. Rxd4 d5 22. Bd3 Re3 23. Rb4 Re7 24. Kd2 Rae8 25. Rhb1 Bc8 26. Rb8 Kg7 27. Ra8 Bd7 28. Rxa7 1-0

[Event "Labour Day op"]
[Site "Langley CAN"]
[Date "2007.09.03"]
[Round "6"]
[White "Long, Hugh"]
[Black "Botez, Alexandra"]
[Result "0-1"]
[WhiteElo "1766"]
[BlackElo "1797"]
[PlyCount "51"]
[GameId "2160767910579727"]
[EventDate "2007.09.01"]
[EventType "swiss"]
[EventRounds "6"]
[EventCountry "CAN"]

1. e4 e6 2. d4 d5 3. Nd2 c5 4. c3 cxd4 5. cxd4 Nc6 6. Ngf3 Bb4 7. e5 Nge7 8. Bd3 Bd7 9. O-O O-O 10. Bxh7+ Kh8 11. Ng5 g6 12. Qg4 Kg7 13. a3 Ba5 14. Nb3 Bb6 15. Qh3 Rh8 16. Nxe6+ fxe6 17. Qh6+ Kf7 18. Bg5 Qf8 19. Qh3 Qg7 20. Qf3+ Ke8 21. Nc5 Bxc5 22. dxc5 Qxh7 23. h4 Nf5 24. g3 Nxe5 25. Qf4 Nd3 26. Qd6 0-1

[Event "Labour Day op"]
[Site "Langley CAN"]
[Date "2007.09.03"]
[Round "6"]
[White "McLaren, Brian"]
[Black "Li, Changhe"]
[Result "1-0"]
[WhiteElo "2262"]
[BlackElo "1801"]
[PlyCount "67"]
[GameId "2160767910579728"]
[EventDate "2007.09.01"]
[EventType "swiss"]
[EventRounds "6"]
[EventCountry "CAN"]

1. e4 c5 2. Nc3 Nc6 3. g3 d6 4. Bg2 Nf6 5. d3 g6 6. f4 Bg7 7. h3 O-O 8. Be3 Bd7 9. Qd2 Rb8 10. Nge2 b5 11. g4 Ne8 12. f5 Nd4 13. Ng3 b4 14. Nd1 Bc6 15. O-O Nc7 16. c3 Ndb5 17. Bh6 bxc3 18. bxc3 d5 19. Bxg7 Kxg7 20. a4 Nd6 21. e5 Nde8 22. Qf2 Na6 23. Ne3 Nec7 24. g5 e6 25. f6+ Kh8 26. Qf4 d4 27. Qh4 h5 28. Nxh5 Rb2 29. Nf4+ Kg8 30. Qh6 Ne8 31. Bxc6 Nac7 32. Nxg6 fxg6 33. Qxg6+ Kh8 34. f7 1-0

[Event "Labour Day op"]
[Site "Langley CAN"]
[Date "2007.09.03"]
[Round "6"]
[White "Paulson, Stewart"]
[Black "Sohal, Tanraj"]
[Result "0-1"]
[WhiteElo "1614"]
[BlackElo "1801"]
[PlyCount "90"]
[GameId "2160767910579729"]
[EventDate "2007.09.01"]
[EventType "swiss"]
[EventRounds "6"]
[EventCountry "CAN"]

1. d4 Nf6 2. Nf3 d5 3. c3 c6 4. Bg5 Bf5 5. Nbd2 Nbd7 6. Qb3 Qc7 7. e3 e6 8. Bf4 Qb6 9. Ne5 Nxe5 10. Bxe5 Nd7 11. Bg3 Be7 12. Be2 O-O 13. O-O c5 14. Rfe1 Rfc8 15. Rac1 Qxb3 16. axb3 a6 17. Bf3 cxd4 18. exd4 Bg5 19. Ra1 Bxd2 20. Red1 Bg5 21. h4 Bh6 22. Kh2 Nf6 23. c4 Bc2 24. Rf1 Bxb3 25. cxd5 Bxd5 26. Bxd5 Nxd5 27. Be5 Bf4+ 28. Bxf4 Nxf4 29. Rac1 Nd3 30. Rb1 b5 31. Kg3 Rd8 32. Rfd1 Rxd4 33. b3 Rad8 34. Rd2 e5 35. f3 f5 36. Rc2 R4d6 37. Rc7 Kf8 38. Ra1 Nf4 39. Re1 Rg6+ 40. Kh2 Rxg2+ 41. Kh1 Rdd2 42. Rc8+ Kf7 43. Rc7+ Ke6 44. Rc5 Rh2+ 45. Kg1 Rdg2+ 0-1

[Event "Labour Day op"]
[Site "Langley CAN"]
[Date "2007.09.03"]
[Round "6"]
[White "Vieira, Daniel"]
[Black "Rodriques, Adrian"]
[Result "0-1"]
[WhiteElo "1026"]
[BlackElo "1184"]
[PlyCount "120"]
[GameId "2160767910579731"]
[EventDate "2007.09.01"]
[EventType "swiss"]
[EventRounds "6"]
[EventCountry "CAN"]

1. Nf3 Nc6 2. e4 e5 3. Bb5 Bc5 4. O-O Nf6 5. Nc3 Nd4 6. d3 Nxb5 7. Nxb5 a6 8. Nc3 d6 9. Bg5 h6 10. Bh4 g5 11. Bg3 Bg4 12. h3 Bh5 13. Na4 Bd4 14. c4 Qe7 15. Rc1 O-O 16. c5 b5 17. cxb6 Bxb6 18. Nxb6 cxb6 19. Rc4 Rac8 20. Rb4 b5 21. d4 Nxe4 22. dxe5 Nxg3 23. fxg3 Rc4 24. Rxc4 bxc4 25. exd6 Rd8 26. Qc1 Rc8 27. Rd1 Bxf3 28. gxf3 Rc6 29. h4 Rxd6 30. Rxd6 Qxd6 31. Qxc4 Qxg3+ 32. Kf1 Qxf3+ 33. Ke1 Qh1+ 34. Kd2 Qg2+ 35. Qe2 Qd5+ 36. Kc3 Qxa2 37. hxg5 Qa5+ 38. Kd4 hxg5 39. Qe8+ Kg7 40. Qe5+ Qxe5+ 41. Kxe5 Kg6 42. b4 g4 43. Kf4 f5 44. Kg3 Kg5 45. Kg2 Kf4 46. Kf2 Ke4 47. Kg3 Kd4 48. Kf4 Kc4 49. b5 axb5 50. Kg3 b4 51. Kf4 b3 52. Kxf5 g3 53. Kf4 g2 54. Kf3 g1=Q 55. Kf4 b2 56. Kf3 Qf1+ 57. Ke3 Qe1+ 58. Kf3 Kd3 59. Kf4 Qe4+ 60. Kg5 Qf3 0-1

[Event "Labour Day op"]
[Site "Langley CAN"]
[Date "2007.09.03"]
[Round "6"]
[White "Yee, Peter"]
[Black "Trochtchanovitch, Pavel"]
[Result "0-1"]
[WhiteElo "1845"]
[BlackElo "2021"]
[PlyCount "102"]
[GameId "2160767910579732"]
[EventDate "2007.09.01"]
[EventType "swiss"]
[EventRounds "6"]
[EventCountry "CAN"]

1. d4 Nf6 2. c4 g6 3. Nc3 d5 4. Nf3 Bg7 5. Bf4 c6 6. e3 O-O 7. Be2 Be6 8. Ng5 Bf5 9. O-O h6 10. Nf3 Nh5 11. Be5 f6 12. Bxb8 Rxb8 13. Nh4 Qd7 14. Nxf5 Qxf5 15. g4 Qg5 16. f4 Nxf4 17. exf4 Qh4 18. Qe1 Qxe1 19. Raxe1 f5 20. Rd1 dxc4 21. Bxc4+ Kh7 22. g5 a5 23. Rfe1 b5 24. Bf1 Rfe8 25. Re6 Rbd8 26. Ne2 c5 27. d5 Bxb2 28. d6 exd6 29. Rexd6 Bd4+ 30. R6xd4 cxd4 31. Rxd4 b4 32. Rxd8 Rxd8 33. Ng3 Rd4 34. Bb5 Rxf4 35. gxh6 Kxh6 36. Kg2 Rd4 37. Kh3 Rd2 38. Bc4 a4 39. Nf1 Rc2 40. Be6 b3 41. axb3 axb3 42. Bxb3 Rc3+ 43. Kg2 Rxb3 44. Ng3 Kg5 45. Nh1 Kh4 46. Nf2 g5 47. Nh1 f4 48. Nf2 g4 49. Ne4 Rb2+ 50. Kg1 Re2 51. Nf2 Re1+ 0-1

[Event "Labour Day op"]
[Site "Langley CAN"]
[Date "2007.09.03"]
[Round "6"]
[White "Zhao, Donovan"]
[Black "Enns, Edward"]
[Result "1-0"]
[WhiteElo "1529"]
[BlackElo "1331"]
[PlyCount "103"]
[GameId "2160767910579733"]
[EventDate "2007.09.01"]
[EventType "swiss"]
[EventRounds "6"]
[EventCountry "CAN"]

1. e4 c5 2. Nf3 Nc6 3. d4 cxd4 4. Nxd4 a6 5. c4 e6 6. Be3 Nf6 7. Nc3 Bb4 8. f3 O-O 9. Nb3 Qc7 10. Rc1 b6 11. a3 Bxc3+ 12. Rxc3 Rd8 13. Bg5 Qe5 14. Bxf6 Qxf6 15. Qd6 Qe5 16. Qxe5 Nxe5 17. Be2 d5 18. cxd5 exd5 19. exd5 Rxd5 20. f4 Bg4 21. fxe5 Rxe5 22. Nc1 Rae8 23. Rc2 g6 24. Kf2 Bc8 25. Bf3 Kg7 26. Nd3 Rf5 27. Re1 Rd8 28. Nb4 Bb7 29. Re3 a5 30. Nc6 Bxc6 31. Rxc6 g5 32. Ke2 Rb5 33. Rc2 Rf5 34. Rd2 Rb8 35. Rd5 Rxd5 36. Bxd5 Kf8 37. Rf3 Re8+ 38. Kd3 Re7 39. Re3 Rd7 40. Kd4 h5 41. Re5 f6 42. Re6 Kg7 43. Rxb6 g4 44. Rb7 Rxb7 45. Bxb7 Kg6 46. b4 axb4 47. axb4 Kf7 48. b5 Ke7 49. Ke4 h4 50. Kf4 h3 51. g3 Kd6 52. Kxg4 1-0

[Event "Labour Day op"]
[Site "Toronto CAN"]
[Date "2007.09.01"]
[Round "1"]
[White "Shah, Omar"]
[Black "Jiang, Louie"]
[Result "0-1"]
[WhiteElo "1954"]
[BlackElo "2259"]
[PlyCount "45"]
[GameId "2160767910579734"]
[EventDate "2007.09.01"]
[EventType "swiss"]
[EventRounds "6"]
[EventCountry "CAN"]
[SourceTitle "hb 2019"]

1. Nf3 d5 2. d4 Nf6 3. e3 e6 4. Bd3 Nbd7 5. O-O Bd6 6. c4 c6 7. Nbd2 O-O 8. e4 dxe4 9. Nxe4 Nxe4 10. Bxe4 Nf6 11. Bc2 b6 12. Qd3 Bb7 13. Bg5 g6 14. Rad1 Be7 15. h4 Re8 16. Qc3 Nh5 17. Bh6 Qc7 18. Rfe1 Bf8 19. Bxf8 Rxf8 20. Re5 Rae8 21. Rde1 Nf6 22. Ng5 Ng4 23. R5e2 0-1

[Event "Labour Day op"]
[Site "Toronto CAN"]
[Date "2007.09.02"]
[Round "3"]
[White "Yuan, Yuanling"]
[Black "Jiang, Louie"]
[Result "1-0"]
[WhiteElo "2107"]
[BlackElo "2259"]
[PlyCount "69"]
[GameId "2160767910579735"]
[EventDate "2007.09.01"]
[EventType "swiss"]
[EventRounds "6"]
[EventCountry "CAN"]

1. e4 c5 2. Nf3 d6 3. d4 cxd4 4. Nxd4 Nf6 5. Nc3 a6 6. Be3 e5 7. Nb3 Be6 8. f3 Be7 9. Qd2 Nbd7 10. O-O-O O-O 11. g4 b5 12. g5 b4 13. Nd5 Nxd5 14. exd5 Bf5 15. h4 a5 16. Kb1 a4 17. Nc1 Qa5 18. Bd3 Bxd3 19. Qxd3 Rfc8 20. h5 Nc5 21. Qf5 b3 22. g6 bxc2+ 23. Kxc2 Ne4+ 24. Kb1 Nc3+ 25. Ka1 a3 26. Qxf7+ Kh8 27. Rd2 axb2+ 28. Rxb2 Rf8 29. Qxe7 Nxd5 30. Qb7 h6 31. Nb3 Qc3 32. Bxh6 e4 33. Qxd5 gxh6 34. fxe4 Ra4 35. Qb7 1-0

[Event "Labour Day op"]
[Site "Toronto CAN"]
[Date "2007.09.03"]
[Round "5"]
[White "Calugar, Arthur"]
[Black "Shah, Omar"]
[Result "1-0"]
[WhiteElo "2112"]
[BlackElo "1952"]
[PlyCount "195"]
[GameId "2160767910579736"]
[EventDate "2007.09.01"]
[EventType "swiss"]
[EventRounds "6"]
[EventCountry "CAN"]
[SourceTitle "hb 2019"]

1. e4 c5 2. Nf3 Nc6 3. d4 cxd4 4. Nxd4 e6 5. Nc3 a6 6. Be2 Qc7 7. Be3 Bb4 8. O-O Nf6 9. Bd3 Ne5 10. Bf4 d6 11. Bd2 Nxd3 12. cxd3 Bc5 13. Nb3 Ba7 14. Rc1 Qd8 15. Bg5 b5 16. e5 dxe5 17. Qf3 Rb8 18. Ne4 Bb7 19. Nbc5 Bxc5 20. Rxc5 Bxe4 21. dxe4 h6 22. Bh4 Qd6 23. Rfc1 Rd8 24. Rc6 Qd2 25. g3 Qxb2 26. Bxf6 gxf6 27. Qxf6 O-O 28. Qxh6 Qd2 29. Qh4 a5 30. Qg4+ Kh7 31. Qh5+ Qh6 32. Qxe5 Rb8 33. Rc7 a4 34. Rb1 Qg6 35. Rb4 Rfd8 36. Rc2 Qg4 37. Kg2 Rd3 38. Qf6 Rb7 39. h3 Qg6 40. Qh4+ Qh6 41. Qg4 Qg6 42. Qe2 Rdd7 43. Rc5 a3 44. h4 f6 45. Rcxb5 Rxb5 46. Qxb5 Rg7 47. Qa5 Qg4 48. e5 Qf5 49. Qxa3 Qxe5 50. Qb3 f5 51. Qf3 Qd6 52. Rb3 f4 53. Qd3+ Qxd3 54. Rxd3 e5 55. Kf3 Re7 56. Ke4 Ra7 57. a3 Ra5 58. gxf4 exf4 59. Kxf4 Kg6 60. Kg4 Ra4+ 61. f4 Ra6 62. Re3 Kf6 63. h5 Ra5 64. Rh3 Kg7 65. Rc3 Kh6 66. Rb3 Ra6 67. Re3 Ra5 68. Rh3 Ra4 69. Kf5 Ra5+ 70. Ke6 Ra6+ 71. Kd5 Ra5+ 72. Kc6 Rf5 73. Rf3 Kxh5 74. Kb6 Kg4 75. Rf1 Rf6+ 76. Kb5 Rf5+ 77. Kb4 Rf8 78. a4 Kf5 79. a5 Rb8+ 80. Kc5 Rb2 81. a6 Ra2 82. Kb6 Rb2+ 83. Ka7 Ra2 84. Kb7 Rb2+ 85. Ka8 Ra2 86. a7 Rb2 87. Rf3 Rb1 88. Rf2 Rb3 89. Re2 Kxf4 90. Re7 Rb2 91. Rb7 Rh2 92. Kb8 Rh8+ 93. Kc7 Rh7+ 94. Kb6 Rh6+ 95. Ka5 Rh1 96. Rb4+ Ke5 97. a8=Q Ra1+ 98. Ra4 1-0

[Event "Labour Day op U1600"]
[Site "Toronto CAN"]
[Date "2007.09.03"]
[Round "5"]
[White "Lung, Patrick"]
[Black "Roe, Jim"]
[Result "0-1"]
[WhiteElo "1546"]
[BlackElo "1519"]
[PlyCount "56"]
[GameId "2160767910579737"]
[EventDate "2007.09.01"]
[EventType "swiss"]
[EventRounds "6"]
[EventCountry "CAN"]

1. e4 e6 2. d4 d5 3. exd5 exd5 4. Nf3 Bg4 5. Be2 Nf6 6. Bg5 Be7 7. O-O O-O 8. Re1 h6 9. Bh4 c6 10. Nbd2 Nbd7 11. b3 Re8 12. Qc1 Qc7 13. Bg3 Bd6 14. Qb2 Re6 15. Bd3 Rae8 16. h3 Bh5 17. c4 Bxg3 18. fxg3 Qxg3 19. Rxe6 Rxe6 20. Nf1 Qf4 21. cxd5 Nxd5 22. Re1 Bxf3 23. Rxe6 fxe6 24. gxf3 Qxf3 25. Bg6 Nf4 26. Bb1 Ne2+ 27. Kh2 Qf2+ 28. Kh1 Qg1# 0-1

[Event "Labour Day op U1800"]
[Site "Toronto CAN"]
[Date "2007.09.01"]
[Round "1"]
[White "Smith, Maurice"]
[Black "Syed, Zeshan"]
[Result "1-0"]
[WhiteElo "1619"]
[BlackElo "1725"]
[PlyCount "49"]
[GameId "2160767910579738"]
[EventDate "2007.09.01"]
[EventType "swiss"]
[EventRounds "6"]
[EventCountry "CAN"]

1. d4 Nf6 2. c4 g6 3. Nc3 Bg7 4. e4 d6 5. Nf3 Nbd7 6. Be2 O-O 7. O-O c5 8. d5 Ne5 9. Nxe5 dxe5 10. Be3 b6 11. Qd2 Ne8 12. Rad1 Nd6 13. f4 exf4 14. Bxf4 Bxc3 15. Qxc3 Nxe4 16. Qe3 Nf6 17. Bf3 Ng4 18. Qe2 Nf6 19. d6 e5 20. Bxe5 Re8 21. Bxf6 Qd7 22. Qd2 Re6 23. Bg4 Ba6 24. Qh6 Rxf6 25. Bxd7 1-0

[Event "Labour Day op U1800"]
[Site "Toronto CAN"]
[Date "2007.09.01"]
[Round "2"]
[White "Wing, Richard"]
[Black "Samaroo, Muneshwar"]
[Result "1-0"]
[WhiteElo "1736"]
[BlackElo "1520"]
[PlyCount "95"]
[GameId "2160767910579739"]
[EventDate "2007.09.01"]
[EventType "swiss"]
[EventRounds "6"]
[EventCountry "CAN"]

1. e4 c5 2. c3 d6 3. d4 cxd4 4. cxd4 Nf6 5. Nc3 e6 6. Nf3 Be7 7. Bd3 h6 8. O-O O-O 9. Bd2 Nc6 10. a3 e5 11. Ne2 Bg4 12. d5 Bxf3 13. gxf3 Nb8 14. Ng3 Kh7 15. f4 Nbd7 16. b4 Ng8 17. Nf5 g6 18. Ng3 Bf6 19. Ra2 exf4 20. Bxf4 Qe7 21. Re2 Ne5 22. Bxe5 dxe5 23. f4 exf4 24. Rxf4 Be5 25. Rf3 f6 26. Nf1 Rac8 27. Ne3 Bd4 28. Kh1 Bxe3 29. Rfxe3 Qe5 30. Bc2 Rfd8 31. Qg1 b6 32. Rg2 g5 33. Rf3 Ne7 34. Rgf2 Rd6 35. Rxf6 Rxf6 36. Rxf6 Rxc2 37. Re6 Qc7 38. d6 Qc4 39. Rxe7+ Kg6 40. d7 Rc1 41. d8=Q Rxg1+ 42. Kxg1 Qc1+ 43. Kf2 Qc2+ 44. Ke3 Qc3+ 45. Qd3 Qc1+ 46. Kd4 Qa1+ 47. Kd5 Qa2+ 48. Kc6 1-0

[Event "Labour Day op U1800"]
[Site "Toronto CAN"]
[Date "2007.09.02"]
[Round "3"]
[White "Gillis, Doug"]
[Black "Darbyson, Melissa"]
[Result "1-0"]
[WhiteElo "1577"]
[BlackElo "1620"]
[PlyCount "48"]
[GameId "2160767910579740"]
[EventDate "2007.09.01"]
[EventType "swiss"]
[EventRounds "6"]
[EventCountry "CAN"]

1. e4 e5 2. Nf3 Nc6 3. Nc3 Bc5 4. Nxe5 Bxf2+ 5. Kxf2 Nxe5 6. d4 Ng6 7. Bc4 N8e7 8. Rf1 O-O 9. Kg1 d6 10. Bg5 c6 11. Qh5 Be6 12. d5 cxd5 13. exd5 Bd7 14. Ne4 Qc8 15. Nf6+ gxf6 16. Bxf6 Qc5+ 17. Kh1 Qe3 18. Rae1 Qd2 19. Re2 Bg4 20. Qxg4 Qh6 21. Rxe7 Rae8 22. Bd3 Rxe7 23. Bxe7 Ra8 24. Bxd6 Qg7 1-0

[Event "Labour Day op U1800"]
[Site "Toronto CAN"]
[Date "2007.09.02"]
[Round "4"]
[White "Laporte, Richard"]
[Black "Villalobos, Oscar"]
[Result "0-1"]
[WhiteElo "1600"]
[BlackElo "1790"]
[PlyCount "48"]
[GameId "2160767910579741"]
[EventDate "2007.09.01"]
[EventType "swiss"]
[EventRounds "6"]
[EventCountry "CAN"]

1. e4 c5 2. Nf3 d6 3. d4 cxd4 4. Nxd4 Nf6 5. Nc3 a6 6. Bc4 e6 7. O-O Be7 8. a4 O-O 9. Kh1 Nbd7 10. Nde2 Qc7 11. b3 Ne5 12. Bd3 Bd7 13. Bb2 Rfd8 14. Ng3 Bc6 15. f4 Nxd3 16. cxd3 b5 17. Rc1 bxa4 18. bxa4 Rab8 19. Qe2 Qd7 20. Ra1 Rb4 21. a5 Rdb8 22. Rfb1 d5 23. e5 d4 24. Nd1 Nd5 0-1

[Event "Labour Day op U1800"]
[Site "Toronto CAN"]
[Date "2007.09.02"]
[Round "4"]
[White "Samaroo, Muneshwar"]
[Black "Mourgelas, James"]
[Result "1-0"]
[WhiteElo "1520"]
[BlackElo "1651"]
[PlyCount "95"]
[GameId "2160767910579742"]
[EventDate "2007.09.01"]
[EventType "swiss"]
[EventRounds "6"]
[EventCountry "CAN"]

1. e4 e5 2. Nf3 Nc6 3. Bb5 Nf6 4. d3 d6 5. h3 h6 6. c3 Bd7 7. Be3 Be7 8. O-O O-O 9. Qc2 a6 10. Ba4 Rc8 11. d4 exd4 12. cxd4 d5 13. Bxc6 Bxc6 14. e5 Ne4 15. Nc3 Nxc3 16. bxc3 b5 17. Nd2 Re8 18. f4 Bd7 19. f5 Bg5 20. Bxg5 Qxg5 21. Rae1 Kh8 22. Kh2 c5 23. Qd3 c4 24. Qc2 Rc6 25. g4 h5 26. Kg3 Rh6 27. Nf3 Qd8 28. g5 Rh7 29. h4 Qc8 30. Nh2 Qc7 31. Kg2 Qc8 32. Rf4 Rf8 33. Ref1 f6 34. g6 Rh6 35. e6 Bc6 36. Re1 Re8 37. Nf3 Qc7 38. Qd2 Qd6 39. Ng5 fxg5 40. hxg5 Rxg6 41. fxg6 Kg8 42. Qf2 Qe7 43. Qh4 Rc8 44. Qxh5 Qxg5+ 45. Qxg5 Be8 46. Rh1 Bd7 47. Qe7 Bxe6 48. Qxe6# 1-0

[Event "Labour Day op U1800"]
[Site "Toronto CAN"]
[Date "2007.09.03"]
[Round "5"]
[White "Smith, Maurice"]
[Black "Samaroo, Muneshwar"]
[Result "0-1"]
[WhiteElo "1619"]
[BlackElo "1520"]
[PlyCount "158"]
[GameId "2160767910579743"]
[EventDate "2007.09.01"]
[EventType "swiss"]
[EventRounds "6"]
[EventCountry "CAN"]

1. d4 Nf6 2. c4 e6 3. Nf3 c5 4. d5 d6 5. Nc3 h6 6. e4 e5 7. h3 a6 8. a4 a5 9. Be3 Bd7 10. Bd3 Na6 11. O-O Nb4 12. Be2 Qc8 13. Kh2 g5 14. g4 Qc7 15. Nb5 Bxb5 16. axb5 b6 17. b3 O-O-O 18. Ne1 Nxe4 19. Qc1 Be7 20. f3 Nf6 21. Nc2 Kb7 22. Nxb4 cxb4 23. Qc2 Rdg8 24. Qf5 Rg7 25. Ra2 Rgh7 26. Rg1 Nd7 27. Qc2 Nc5 28. Bxc5 Qxc5 29. Bd3 Rg7 30. Qe2 Re8 31. Qe4 Rh8 32. Qf5 Qc7 33. Qe4 Rg6 34. Qe3 Rf6 35. Bf5 h5 36. Rg3 hxg4 37. fxg4 Rfh6 38. Qf2 Qc5 39. Qxc5 dxc5 40. Be4 Kc7 41. Rf2 Rf8 42. Rf5 Kd6 43. Rgf3 f6 44. Rg3 Kc7 45. Rd3 Bd6 46. Rdf3 Kd7 47. Rg3 Ke7 48. Kg2 Ra8 49. Rf2 a4 50. Ra2 a3 51. Rf3 Rah8 52. Re3 Kf7 53. Rf3 Kg7 54. Re3 Rh4 55. Rf3 R8h6 56. Re3 f5 57. Bxf5 e4 58. Be6 Rf6 59. Bf5 Rxf5 60. gxf5 Kf6 61. Rf2 Rf4 62. Rc2 Kxf5 63. Ree2 Rf3 64. Rf2 Be5 65. Ra2 g4 66. hxg4+ Kxg4 67. Rxf3 exf3+ 68. Kf1 Kf4 69. Ke1 Ke4 70. Kf1 Bg3 71. Kg1 Kd3 72. d6 Bxd6 73. Kf2 Ke4 74. Rd2 Be5 75. Ra2 Bb2 76. Kf1 Ke3 77. Ke1 Kd3 78. Kf2 Kc3 79. Kxf3 Kxb3 0-1